000 03344cam a22003978i 4500
001 21749362
003 CSPC
005 20250807141511.0
008 201013s2021 enk b 001 0 eng
010 _a 2020046164
020 _a9780367563233
_q(paperback)
035 _a21749362
040 _aDLC
_beng
_erda
_cDLC
_dCSPC
042 _apcc
050 0 0 _aNA2794
_b.H47 2021
082 0 0 _a729.28
_bH452v
_223
100 1 _aHeschong, Lisa,
_eauthor.
245 1 0 _aVisual delight in architecture :
_bdaylight, vision and view /
_cLisa Heschong.
263 _a2103
264 1 _aAbingdon, Oxon ;
_aNew York, NY :
_bRoutledge,
_c2021.
300 _axiii, 397 pages :
_billustrations ;
_c24 cm.
336 _atext
_btxt
_2rdacontent
337 _aunmediated
_bn
_2rdamedia
338 _avolume
_bnc
_2rdacarrier
504 _aIncludes bibliographical references and index.
505 0 _aIntroduction -- Part 1: Prediction -- Planetary rhythms -- Chronobiology and human health -- The evolving and aging eye -- The predictive brain -- Attention and insight -- Part 2: Perception -- Learning to see -- patterns of daylight illumination -- Designing with daylight -- Elements of view -- Part 3: Motivation -- Daylighting education -- Selling daylight -- Enduring urban forms -- The value of view -- Working with daylight -- Healing daylight -- Part 4: Meaning -- Iconic daylight and views -- Visions of nature -- Biophilia and technophilia -- Synthesis and next steps -- Conclusion: the case for visual delight.
520 _a"Visual Delight in Architecture examines the many ways that our lives are enriched by the presence of natural daylight illumination and window views within our buildings. It makes the case that appropriately timed exposure to daylight is essential to our health and well-being, tied to the very genetic foundations of our physiology and cognitive function. It then goes on to help the reader appreciate the subtlety, beauty and pleasures of well-daylit spaces and attractive window views, and how these are woven into the fabric of our daily sensory experiences, and determined by the design of our buildings, cities, and cultural perspectives. The book is written to engage and challenge a variety of readers, including all forms of building and urban designers, plus anyone interested in human health and wellbeing, from medical researchers to the occupants of all types of buildings. Examples range in detail from common everyday experiences to the latest findings in cognitive research. An important goal of the book is integration across perspectives, such as helping designers to become more comfortable with the scientific basis of their work, and scientists more curious about the design implications of their research"--
_cProvided by publisher.
650 0 _aDaylighting.
650 0 _aArchitecture
_xHuman factors.
650 0 _aArchitecture
_xHealth aspects.
776 0 8 _iOnline version:
_aHeschong, Lisa.
_tVisual delight in architecture
_dAbingdon, Oxon ; New York : Routledge, [2021]
_z9781003097594
_w(DLC) 2020046165
906 _a7
_bcbc
_corignew
_d1
_eecip
_f20
_gy-gencatlg
942 _2ddc
_cBK
_e23
_h729.28
_iH452v
_kENG
_m2021
_n0
999 _c29933
_d29933